5HLuxD.jpg

KING HENRY VIII SENIOR AND PRIMARY SCHOOL LIBRARY OPAC

Steve L. McEvil (Record no. 5938)

000 -LEADER
fixed length control field 01242nam a22003137a 4500
005 - DATE AND TIME OF LATEST TRANSACTION
control field 20251204075242.0
008 - FIXED-LENGTH DATA ELEMENTS--GENERAL INFORMATION
fixed length control field 251204b ||||| |||| 00| 0 eng d
020 ## - INTERNATIONAL STANDARD BOOK NUMBER
International Standard Book Number 9780593301432
040 ## - CATALOGING SOURCE
Transcribing agency KH8
082 00 - DEWEY DECIMAL CLASSIFICATION NUMBER
Classification number 741.5 TUR
100 1# - MAIN ENTRY--PERSONAL NAME
Personal name Turnbloom, Lucas P
Relator term author
-- illustrator
245 10 - TITLE STATEMENT
Title Steve L. McEvil
Statement of responsibility, etc. Lucas Turnbloom ; color by Marc Lapierre.
250 ## - EDITION STATEMENT
Edition statement First edition.
264 #1 - PRODUCTION, PUBLICATION, DISTRIBUTION, MANUFACTURE, AND COPYRIGHT NOTICE
Place of production, publication, distribution, manufacture New York
Name of producer, publisher, distributor, manufacturer Crown Books for Young Readers
Date of production, publication, distribution, manufacture, or copyright notice 2022
300 ## - PHYSICAL DESCRIPTION
Extent 216 pages
Other physical details color illustrations
Dimensions 22 cm
520 ## - SUMMARY, ETC.
Summary, etc. "Steve has plans to take over his middle school, but when a nefarious villain beats him to the punch, Steve will have to consider doing the most horrific thing of them all: teaming up with good guy Vic Turry to save his school and maybe the entire town!"--
Assigning source Provided by publisher.
521 ## - TARGET AUDIENCE NOTE
Target audience note Ages 8-12
Source Crown Books for Young Readers
521 ## - TARGET AUDIENCE NOTE
Target audience note Grades 4-6
Source Crown Books for Young Readers
650 #1 - SUBJECT ADDED ENTRY--TOPICAL TERM
Topical term or geographic name entry element Graphic novels
650 #1 - SUBJECT ADDED ENTRY--TOPICAL TERM
Topical term or geographic name entry element Supervillains
Form subdivision Fiction
650 #1 - SUBJECT ADDED ENTRY--TOPICAL TERM
Topical term or geographic name entry element Middle schools
Form subdivision Fiction
650 #1 - SUBJECT ADDED ENTRY--TOPICAL TERM
Topical term or geographic name entry element Schools
Form subdivision Fiction
650 #1 - SUBJECT ADDED ENTRY--TOPICAL TERM
Topical term or geographic name entry element Humorous stories
655 #7 - INDEX TERM--GENRE/FORM
Genre/form data or focus term Superhero comics
655 #7 - INDEX TERM--GENRE/FORM
Genre/form data or focus term Humorous comics
655 #7 - INDEX TERM--GENRE/FORM
Genre/form data or focus term Graphic novels
700 1# - ADDED ENTRY--PERSONAL NAME
Personal name Lapierre, Marc
Relator term colorist
942 ## - ADDED ENTRY ELEMENTS (KOHA)
Source of classification or shelving scheme
Koha item type Graphic Novel
Holdings
Withdrawn status Lost status Source of classification or shelving scheme Damaged status Not for loan Collection code Permanent Location Current Location Shelving location Date acquired Cost, normal purchase price Total Checkouts Full call number Barcode Date due Date last seen Date last checked out Cost, replacement price Price effective from Koha item type Public note
          Non-Fiction KH8 Primary School Library KH8 Primary School Library Graphic Novel 2025-12-04 59.29 2 741.5 TUR KHPL000008154 2026-01-21 2026-01-14 2026-01-14 69.29 2025-12-04 Graphic Novel PRIMARY LIBRARY
          Fiction KH8 Primary School Library KH8 Primary School Library Graphic Novel 2025-12-04   8 741.5 TUR KHPL000008155   2026-04-17 2026-04-10   2025-12-04 Graphic Novel PRIMARY LIBRARY

Powered By KH8 IT Dept